• 首页
  • 本馆介绍
  • 公告通知
  • 最新文献
  • 馆藏检索
  • 电子资源
  • 读者导购
  • 参考咨询
  • 我的图书馆
  • 登录
  • 详细信息显示
  • 放入我的书架
  • 预约/预借图书
  • 作者相关作品
  • 分类相关作品
  • 丛书相关作品
  • 出版社相关作品

书目信息

  • 表格格式
  • 工作单格式
  • 卡片格式
题名:
自填式问卷调查和邮寄问卷调查
    
 
作者: 鲍克 , 菲尔德 著 ;李大伟 译
分册:  
出版信息: 北京   中国劳动社会保障出版社  2004
页数: 277页
开本: 20cm
丛书名: 调研工具箱丛书
单 册:
中图分类: C3
科图分类:
主题词: 问卷--调查方法--研究 , 社会科学--研究方法
电子资源:
ISBN: 7-5045-4439-6
000 01246oam2 2200337 450
001 110000001471
005 20051223095456.57
010    @a7-5045-4439-6@dCNY19.00
092    @aCN
100    @a20041219d2004 ekmy0chiy0120 ea
101 1  @achi@ceng
102    @aCN@b110000
105    @ay az 000yy
200 1  @a自填式问卷调查和邮寄问卷调查@9zi tian shi wen juan diao cha he you ji wen juan diao cha@d= How to Conduct Solf Administered and Mail Surveys@f(美)琳达·B·鲍克,(美)伊夫·P·菲尔德著@F(mei)lin da·B·bao ke,(mei)yi fu·P·fei er de zhu@g李大伟译@zeng
210    @a北京@c中国劳动社会保障出版社@d2004
215    @a277页@d20cm
225 2  @a调研工具箱丛书@v3
305    @a据原书第2版译出
320    @a有书目
330    @a本书对问卷调查方法进行研究,论述了自填式问卷的种类、优缺点,问卷的内容,问卷用户界面的设计、格式,及调查实施等。
461  0 @12001 @a调研工具箱丛书
510 1  @aHow to Conduct Solf Administered and Mail Surveys@zeng
606 0  @a问卷@x调查方法@x研究
606 0  @a社会科学@x研究方法
690    @aC3@v4
701  0 @a鲍克@Abao ke@4著
701  0 @a菲尔德@Afei er de@4著
702  0 @a李大伟@9li da wei@4译
801  0 @aCN@bCXYBOOK@c20051223
905    @a10447@dC3@e167:3
999    @aZXL@eGLX
    
    自填式问卷调查和邮寄问卷调查= How to Conduct Solf Administered and Mail Surveys/(美)琳达·B·鲍克,(美)伊夫·P·菲尔德著/李大伟译.-北京:中国劳动社会保障出版社,2004
    277页;20cm.-(调研工具箱丛书;3)
    
    
    ISBN 7-5045-4439-6:CNY19.00
    本书对问卷调查方法进行研究,论述了自填式问卷的种类、优缺点,问卷的内容,问卷用户界面的设计、格式,及调查实施等。
●
相关链接 在E读中查询图书 在五车中查询图书 在当当中查询图书 在豆瓣中查询图书


正题名:自填式问卷调查和邮寄问卷调查     索取号:C3/167:3         预约/预借

序号 登录号 条形码 馆藏地/架位号 状态 备注
1 0372300   203723006   第一样本阅览室/ [索取号:C3/167:3] 在馆    
2 0372301   203723015   第一借阅区/ [索取号:C3/167:3] 在馆    
3 0372302   203723024   第一借阅区/ [索取号:C3/167:3] 在馆    
4 0372303   203723033   第一借阅区/ [索取号:C3/167:3] 在馆    
5 0372304   203723042   第一借阅区/ [索取号:C3/167:3] 在馆    
6 0372305   203723051   第一借阅区/ [索取号:C3/167:3] 在馆    
唐山师范学院图书馆 欢迎您!
大连网信软件有限公司© 版权所有